000 00586nam a2200205Ia 4500
008 131103s9999 xx 000 0 und d
020 _a8131603040
_cRs.795.00
040 _aLoreto College
041 _aEnglish
082 _a378/BHU
_bLCLIB/49561
100 _aBhushan,Sudhanshu
245 _aRestructuring higher education in India
_cSudhanshu Bhushan
260 _aJaipur
_bRawat Publications
_c2009
300 _aix,276p
_c 22cm
504 _aIncludes index
650 _aEducation-Higher-India
651 _aIndia-Education,higher
850 _aLCLIB/378/BHU
942 _cBK
999 _c38273
_d88752